Wheel of Time - Blue Ajah Aes Sedai - Statistics

General Stats
  • This quiz has been taken 144 times
  • The average score is 18 of 28
Answer Stats
Aes Sedai % Correct
Moiraine Damodred
100%
Siuan Sanche
100%
Leane Sharif
96%
Lelaine Akashi
82%
Gitara Moroso
79%
Ispan Shefar
79%
Sheriam Bayanar
79%
Anaiya Carel
75%
Tamra Ospenya
75%
Cabriana Mecandes
71%
Faolain Orande
71%
Rafela Cindal
71%
Aeldene Stonebridge
68%
Moria Karentanis
68%
Lyrelle Arienwin
64%
Adine Canford
57%
Merean Redhill
57%
Aeldra Najaf
54%
Maigan
54%
Marith Jaen
54%
Natasia
54%
Anlee
50%
Berylla Naron
50%
Kairen Stang
50%
Eadyth
46%
Cetalia Delarme
43%
Reiko Kerevon
39%
Sheraine Caminelle
32%
No matching quizzes found
Score Distribution
Percent of People with Each Score
Percentile by Number Answered
Your Score History
You have not taken this quiz